| 000 | 00753nam a22001815i 4500 | ||
|---|---|---|---|
| 001 | 163657 | ||
| 003 | ES-MaACL | ||
| 005 | 20230906212802.0 | ||
| 008 | 940301s1900 sp |||| | spa d | ||
| 040 |
_aCLM _bspa |
||
| 100 | 1 |
_aRobles Rodríguez, Ramón. _9143195 |
|
| 245 | 1 | 0 |
_aEnsayo de fonética general ó Análisis de los sonidos orales aplicables al lenguaje ... / _cpor R. Robles. |
| 260 |
_aSantiago : _b[s.n.], _c1900 ( _fImprenta de Jose M. Paredes) |
||
| 300 |
_a[8], 263, [6] p. ; _c17 cm. |
||
| 650 | 4 |
_aFonética. _912922 |
|
| 740 | 0 | 1 | _aAnálisis de los sonidos orales aplicables al lenguaje. |
| 852 |
_aES-MaACL _jB-4206 _z-- Enc. hol. conservando la cub. original _z-- Dedic. ms. del autor al Ateneo de Madrid _x-- Edic.: Son 270 p. |
||
| 999 |
_c163657 _d163657 |
||